| 000 | 00480nam a22001817a 4500 | ||
|---|---|---|---|
| 005 | 20230403143528.0 | ||
| 008 | 230329b |||||||| |||| 00| 0 eng d | ||
| 020 | _a978-1-032-30661-2 | ||
| 041 | _aeng | ||
| 082 | _a615.19 SIM-S | ||
| 100 |
_aSMITH,H.JOHN _97680 |
||
| 245 | _aSMITH AND WILLIAMS INTRODUCTION TO THE PRINCIPLES OF DRUG DESIGN AND ACTION | ||
| 250 | _a4th ed. | ||
| 260 |
_bCRS _c2022 |
||
| 300 | _a658;P. | ||
| 650 |
_aPHARMACY _xB.PHARMA _97681 |
||
| 942 | _cBK | ||
| 999 |
_c8252 _d8250 |
||